[Event "Mumbai Wealth op U13 4th"]
[Site "Mumbai"]
[Date "2019.01.05"]
[Round "7"]
[White "Sri, Rashmika M"]
[Black "Wahba, David George"]
[Result "1-0"]
[WhiteElo "1039"]
[BlackElo "1295"]
[PlyCount "73"]
[EventDate "2018.12.30"]
[EventType "swiss"]
[EventRounds "9"]
[EventCountry "IND"]
[SourceTitle "CBM 188 Extra"]
[Source "ChessBase"]
[SourceDate "2019.02.26"]
[SourceVersion "1"]
[SourceVersionDate "2019.02.26"]
[SourceQuality "1"]

1. d4 d5 2. c4 c6 3. Nc3 Nf6 4. Bg5 Bf5 5. e3 e6 6. Nf3 Bd6 7. cxd5 cxd5 8. Bd3 Bxd3 9. Qxd3 h6 10. Bh4 0-0 11. 0-0 Nbd7 12. Rac1 Rc8 13. Rfd1 a6 14. e4 dxe4 15. Nxe4 Rxc1 16. Rxc1 Be7 17. h3 Nxe4 18. Qxe4 Kh8 19. Bxe7 Qxe7 20. Qxb7 Qd6 21. Rc8 Rxc8 22. Qxc8+ Kh7 23. Qc4 Qf4 24. b4 f6 25. Qxe6 Qc1+ 26. Qe1 Qxe1+ 27. Nxe1 Kg6 28. Kf1 Kf5 29. Nd3 Ke4 30. Nc5+ Nxc5 31. dxc5 Kd5 32. Ke2 a5 33. a3 g5 34. g4 a4 35. f3 Kc6 36. Ke3 Kb5 37. Ke4 1-0

[Event "Mumbai Wealth op U13 4th"]
[Site "Mumbai"]
[Date "2019.01.02"]
[Round "4"]
[White "Sri, Rashmika M"]
[Black "Zaif, Khandkar"]
[Result "1-0"]
[WhiteElo "1039"]
[BlackElo "1283"]
[PlyCount "115"]
[EventDate "2018.12.30"]
[EventType "swiss"]
[EventRounds "9"]
[EventCountry "IND"]
[SourceTitle "CBM 188 Extra"]
[Source "ChessBase"]
[SourceDate "2019.02.26"]
[SourceVersion "1"]
[SourceVersionDate "2019.02.26"]
[SourceQuality "1"]

1. d4 d5 2. c4 e6 3. Nc3 Nf6 4. Bg5 Be7 5. e3 h6 6. Bh4 Nc6 7. Nf3 a6 8. cxd5 exd5 9. a3 Bf5 10. Bd3 Bxd3 11. Qxd3 Qd6 12. Bg3 Qd7 13. Rc1 Nh5 14. Qc2 Nxg3 15. hxg3 Bf6 16. Na4 Rc8 17. Nc5 Qg4 18. Nxb7 Ne7 19. Qa4+ Kf8 20. Qxa6 Kg8 21. Qe2 Qg6 22. Qc2 Qg4 23. Nc5 Rd8 24. Nd3 c6 25. Nde5 Bxe5 26. Nxe5 Qe4 27. Qxe4 dxe4 28. Nxc6 Nxc6 29. Rxc6 Rb8 30. b4 Ra8 31. Rc3 Kh7 32. Kd2 Ra4 33. Ra1 Kg6 34. Rc5 Rha8 35. Rc3 Kg5 36. Kc2 Kg4 37. Kb3 g5 38. Rc6 h5 39. Rf6 R8a7 40. Ra2 h4 41. gxh4 Kxh4 42. Rh6+ Kg4 43. Rh7 f5 44. Rxa7 Rxa7 45. a4 f4 46. b5 Kh4 47. a5 g4 48. b6 Ra8 49. Kb4 g3 50. fxg3+ Kxg3 51. exf4 Kxf4 52. Re2 e3 53. b7 Rd8 54. Kc5 Ke4 55. a6 Rxd4 56. b8Q Rd5+ 57. Kc6 Re5 58. Qxe5+ 1-0